| 000 | 00526nam a2200193Ia 4500 | ||
|---|---|---|---|
| 999 |
_c1313 _d1313 |
||
| 003 | 0100 | ||
| 008 | 130227s9999 xx 000 0 und d | ||
| 040 | _cARRUPELIB | ||
| 050 | _aB808.5.S63 | ||
| 100 |
_aSoames, Scott _913098 |
||
| 245 | _aPhilosophical analysis in the twentieth century | ||
| 260 |
_bPrinceton University Press _aPrinceton _c2003 |
||
| 300 | _a2v. | ||
| 300 | _b 23 cm | ||
| 650 |
_bLinguistic research - Addresses _913099 |
||
| 650 |
_cPhonetics - Addresses _913100 |
||
| 942 |
_2lcc _02 _cMONOGRAPH |
||